|
|
|
|
| LEADER |
00000nam0a2200000 4500 |
| 001 |
24112 |
| 005 |
20260407144100.0 |
| 010 |
|
|
|a 5851770063
|
| 035 |
|
|
|a (RuTPU)RU\TPU\book\24338
|
| 035 |
|
|
|a BOOK00000122
|
| 090 |
|
|
|a 24112
|
| 100 |
|
|
|a 20011209d1993 m y0rusy50 ca
|
| 101 |
1 |
|
|a rus
|c eng
|
| 102 |
|
|
|a RU
|
| 105 |
|
|
|a y z 000ay
|
| 200 |
1 |
|
|a Проклятье подземных призраков (Томминокеры)
|e [18+]
|e [НЕЗАКОННОЕ ПОТРЕБЛЕНИЕ НАРКОТИЧЕСКИХ СРЕДСТВ, ПСИХОТРОПНЫХ ВЕЩЕСТВ, ИХ АНАЛОГОВ ПРИЧИНЯЕТ ВРЕД ЗДОРОВЬЮ, ИХ НЕЗАКОННЫЙ ОБОРОТ ЗАПРЕЩЁН И ВЛЕЧЕТ УСТАНОВЛЕННУЮ ЗАКОНОДАТЕЛЬСТВОМ ОТВЕТСТВЕННОСТЬ]
|e роман
|e пер. с англ.
|f С. Кинг
|
| 210 |
|
|
|a Санкт-Петербург
|c ИМА-пресс-реклама
|d 1993
|
| 215 |
|
|
|a 827 с.
|
| 606 |
1 |
|
|a Американская литература (англо-язычная литература)
|2 stltpush
|3 (RuTPU)RU\TPU\subj\28887
|9 52349
|
| 610 |
1 |
|
|a романы
|
| 610 |
1 |
|
|a мистика
|
| 675 |
|
|
|a 82
|v 3
|
| 700 |
|
1 |
|a Кинг
|b С.
|g Стивен
|
| 801 |
|
0 |
|a RU
|b 63413507
|c 20011209
|g PSBO
|
| 801 |
|
2 |
|a RU
|b 63413507
|c 20211217
|g PSBO
|
| 830 |
|
|
|a *изданиеподлежащеемаркировке
|
| 942 |
|
|
|c BK
|